000
00334nam a2200145Ia 4500
008
221030s9999 xx 000 0 und d
020
_a
0070593619
041
_a
English
100
_a
ISRD Group
245
0
_a
Computer Organisation
_c
by ISRD Group
260
_b
TMH
_a
New Delhi
_c
2011
300
_a
287
650
_a
IT
942
_c
BK
999
_c
15424
_d
15424